| 000 | 00611nam a2200193Ia 4500 | ||
|---|---|---|---|
| 003 | GCL | ||
| 008 | 140319s9999 xx 000 0 ara d | ||
| 040 |
_aGCL / _cGCL |
||
| 082 | 0 | 4 |
_aم _b017.5 _bم ف |
| 100 | 1 | _aصلاح محمد الخيمى | |
| 245 | 1 | 0 |
_aفهرس مخطوطات دار الكتب الظاهرية : علوم القران الكريم / _cصلاح محمد الخيمى |
| 490 | _a | ||
| 650 | 0 | 4 | _aالتجويد |
| 650 | 0 | 4 | _aالمخطوطات العربية |
| 650 | 0 | 4 | _aالقراءات والتجويد |
| 650 | 0 | 4 | _aالفهارس |
| 650 | 0 | 4 | _aالقران |
| 942 |
_2ddc _cBK |
||
| 999 |
_c45096 _d45096 |
||